Characterization of pseudomonas aeruginosa strains on heavy metal resistance in the artisanal and small-scale mines as potential agent(s) for bioremediation in Central province, Zambia (Record no. 84231)

MARC details
000 -LEADER
fixed length control field 01040 a2200277 4500
003 - CONTROL NUMBER IDENTIFIER
control field CBULib
005 - DATE AND TIME OF LATEST TRANSACTION
control field 20240129131723.0
008 - FIXED-LENGTH DATA ELEMENTS--GENERAL INFORMATION
fixed length control field 240126b |||||||| |||| 00| 0 eng d
040 ## - CATALOGING SOURCE
Original cataloging agency CBULib
Language of cataloging English
Transcribing agency CBULib
Description conventions rda
041 ## - LANGUAGE CODE
Language code of text/sound track or separate title eng
050 ## - LIBRARY OF CONGRESS CALL NUMBER
Classification number CBU-MPHIL THESIS/MTE
100 ## - MAIN ENTRY--PERSONAL NAME
Personal name Mtengai, Karim Ally
9 (RLIN) 2292
245 ## - TITLE STATEMENT
Title Characterization of pseudomonas aeruginosa strains on heavy metal resistance in the artisanal and small-scale mines as potential agent(s) for bioremediation in Central province, Zambia
Statement of responsibility, etc / by Karim Ally Mtengai
260 ## - PUBLICATION, DISTRIBUTION, ETC. (IMPRINT)
Name of publisher, distributor, etc Copperbelt University,
Date of publication, distribution, etc 2022.
Place of publication, distribution, etc Kitwe:
300 ## - PHYSICAL DESCRIPTION
Extent xi, 92 pages : illustrations
336 ## - CONTENT TYPE
Source rdacontent
Content type term Text |
Content type code txt
337 ## - MEDIA TYPE
Source rdamedia
Media type term Unmediated |
Media type code n
338 ## - CARRIER TYPE
Source rdacarrier
Carrier type term Volume
Carrier type code nc
500 ## - GENERAL NOTE
General note includes bibliographical references
650 #0 - SUBJECT ADDED ENTRY--TOPICAL TERM
9 (RLIN) 2293
Topical term or geographic name as entry element PSEUDOMONAS AERUGINOSA STRAINS
650 #0 - SUBJECT ADDED ENTRY--TOPICAL TERM
9 (RLIN) 2294
Topical term or geographic name as entry element HEAVY METAL RESISTANCE
650 #0 - SUBJECT ADDED ENTRY--TOPICAL TERM
9 (RLIN) 2295
Topical term or geographic name as entry element SMALL-SCALE MINES
650 #0 - SUBJECT ADDED ENTRY--TOPICAL TERM
9 (RLIN) 385
Topical term or geographic name as entry element BIOREMEDIATION
650 #0 - SUBJECT ADDED ENTRY--TOPICAL TERM
9 (RLIN) 2297
Topical term or geographic name as entry element CENTRAL PROVINCE
942 ## - ADDED ENTRY ELEMENTS (KOHA)
Source of classification or shelving scheme
Koha item type UNIVERSITY COLLECTION
Holdings
Withdrawn status Lost status Source of classification or shelving scheme Damaged status Not for loan Collection code Permanent Location Current Location Shelving location Date acquired Total Checkouts Full call number Barcode Date last seen Copy number Price effective from Koha item type
          Special Collections CBU-MAIN LIBRARY, KITWE. CBU-MAIN LIBRARY, KITWE. Special Collections 01/26/2024   CBU-MPHIL THESIS/MTE B8423 01/26/2024 1 01/26/2024 UNIVERSITY COLLECTION